000 00652cam a2200157 i 4500
005 20251224093813.0
008 250721s1990 ua gr 000 0 ara d
082 1 4 _a218,6
_bت ي م
100 1 _aإبن تيمية، تقي الدين أبو العباس أحمد ...
_eمؤلف.
245 1 2 _aالأمر بالمعروف والنهي عن المنكر /
_cشيخ الاسلام ابن تيميه رحمه الله
264 3 1 _aالإسكندرية :
_bمكتبة الأيمان للطبع والنشر والتوزيع،
_c1990.
300 _a106صفحه.
650 1 7 _aالآداب الإسلامية.
942 _2ddc
_cBK
999 _c4742
_d4742